[Event "14PCR-PF01"]
[Site "?"]
[Date "2003.??.??"]
[Round "?"]
[White "Kesl, Ervin"]
[Black "Struzka, Vlastimil"]
[Result "0-1"]
[WhiteElo "2125"]
[BlackElo "2165"]
[PlyCount "86"]
[EventDate "2003.??.??"]
[EventType "corr"]
[EventRounds "2"]
[SourceDate "2004.??.??"]

1. e4 e5 2. Nf3 Nc6 3. Bc4 Bc5 4. b4 Bxb4 5. c3 Ba5 6. d4 exd4 7. O-O dxc3 8.
Qb3 Qf6 9. e5 Qf5 10. Nxc3 Nge7 11. Ba3 Ng6 12. Nd5 Nf4 13. Rac1 Nxd5 14. Bxd5
Bb6 15. Qc4 g5 16. Be4 Qe6 17. Bb2 Qxc4 18. Rxc4 h6 19. e6 Rf8 20. exd7+ Bxd7
21. Bg7 Rg8 22. Bxh6 f6 23. Bh7 Kf7 24. Bxg8+ Rxg8 25. h4 Be6 26. Ra4 g4 27.
Nd2 Rh8 28. Be3 Rxh4 29. Bxb6 axb6 30. f3 f5 31. Re1 Ne7 32. Rd4 Nd5 33. g3 Rh3
34. Kg2 Nf6 35. a3 Rh8 36. fxg4 Nxg4 37. Nf3 Kf6 38. a4 Ra8 39. Kg1 Ra5 40. Ng5
Bb3 41. Nh7+ Kg6 42. Re7 Ne5 43. Rf4 Rc5 0-1

[Event "14PCR-PF01"]
[Site "?"]
[Date "2003.??.??"]
[Round "?"]
[White "Struzka, Vlastimil"]
[Black "Prib, Josef"]
[Result "1-0"]
[WhiteElo "2165"]
[BlackElo "2100"]
[PlyCount "85"]
[EventDate "2003.??.??"]
[EventType "corr"]
[EventRounds "2"]
[SourceDate "2004.??.??"]

1. d4 Nf6 2. c4 g6 3. Nc3 Bg7 4. Nf3 d6 5. Bg5 O-O 6. e3 Nbd7 7. Bd3 e5 8. O-O
Re8 9. Qc2 c6 10. Rfe1 h6 11. Bh4 g5 12. Bg3 Nh5 13. Ne2 Qe7 14. Bh7+ Kh8 15.
Bf5 e4 16. Nd2 Ndf6 17. Bxc8 Raxc8 18. Qa4 b6 19. Rac1 Nxg3 20. Nxg3 d5 21. Nf5
Qd7 22. Nxg7 Kxg7 23. Qa6 c5 24. dxc5 Rxc5 25. b4 Rc6 26. cxd5 Nxd5 27. Qa3 a6
28. Rxc6 Qxc6 29. Rc1 Qd7 30. h3 Qb5 31. Qb2+ Nf6 32. a3 Re6 33. Nb3 Rd6 34.
Nd4 Qd7 35. Qe2 b5 36. Rc5 Nd5 37. Qc2 f5 38. g4 fxg4 39. Qxe4 Nf6 40. Qc2 Rxd4
41. exd4 Qxd4 42. Rc7+ Kh8 43. Qc5 1-0

[Event "14PCR-PF01"]
[Site "?"]
[Date "2003.??.??"]
[Round "?"]
[White "Prib, Josef"]
[Black "Struzka, Vlastimil"]
[Result "1-0"]
[WhiteElo "2100"]
[BlackElo "2165"]
[PlyCount "87"]
[EventDate "2003.??.??"]
[EventType "corr"]
[EventRounds "2"]
[SourceDate "2004.??.??"]

1. c4 Nf6 2. Nf3 e6 3. g3 d5 4. Bg2 Nc6 5. cxd5 exd5 6. d4 Bb4+ 7. Nc3 Ne4 8.
Bd2 O-O 9. O-O Re8 10. Rc1 Bxc3 11. Bxc3 Bg4 12. Re1 Na5 13. Bxa5 b6 14. Bd2 c5
15. Be3 c4 16. Nd2 Bf5 17. Nxe4 Bxe4 18. Bf4 Bxg2 19. Kxg2 Rc8 20. Qc2 Qd7 21.
f3 b5 22. Rcd1 f5 23. e4 dxe4 24. fxe4 fxe4 25. Be5 Rc6 26. Qxe4 Ra6 27. a3 c3
28. bxc3 Rxa3 29. d5 Ra2+ 30. Kg1 Qh3 31. Re2 Qh5 32. Rde1 Rxe2 33. Qxe2 Qxe2
34. Rxe2 Kf7 35. Kf2 a5 36. Kf3 a4 37. Ke4 Ra8 38. Rf2+ Kg6 39. d6 a3 40. Ra2
Kf7 41. Kd5 Ra6 42. Rf2+ Kg6 43. d7 Ra8 44. Bd6 1-0

[Event "14PCR-PF01"]
[Site "?"]
[Date "2004.??.11"]
[Round "?"]
[White "Struzka, Vlastimil"]
[Black "Novak, Vaclav"]
[Result "1/2-1/2"]
[WhiteElo "2165"]
[BlackElo "1800"]
[PlyCount "136"]
[EventDate "2003.??.??"]
[EventType "corr"]
[EventRounds "2"]
[SourceDate "2004.??.??"]

1. d4 d5 2. c4 dxc4 3. Nf3 Nf6 4. e3 Be6 5. Nc3 c6 6. Be2 g6 7. O-O Bg7 8. Ng5
Bd5 9. Bd2 h6 10. Nf3 O-O 11. Ne5 b5 12. Qc2 Be6 13. Bf3 Nd5 14. Rad1 a5 15.
Qe4 Nxc3 16. Bxc3 Bd5 17. Qh4 Bxf3 18. Nxf3 e6 19. Qe4 b4 20. Bd2 Qd5 21. Qc2
b3 22. axb3 cxb3 23. Qb1 f5 24. Rfe1 Nd7 25. e4 Qd6 26. exf5 exf5 27. Qc1 Kh7
28. Ne5 Nb6 29. Re3 a4 30. Rh3 h5 31. Rg3 Rf6 32. Rc3 a3 33. Rxb3 a2 34. Qa1
Nc8 35. Bb4 Qd5 36. Rc3 Ra4 37. Rc5 Qd8 38. Bc3 Ne7 39. b4 Qg8 40. Qb2 Rd6 41.
Ra1 Bxe5 42. dxe5 Rd5 43. Bd4 Rd7 44. Be3 Nd5 45. Rxc6 Nxe3 46. fxe3 Rb7 47.
Qd2 Qb3 48. Qd6 Qb1+ 49. Kf2 Rg7 50. Rc7 Ra7 51. Rxg7+ Rxg7 52. Qd4 Rb7 53. Qd5
Ra7 54. Qd4 Rb7 55. Kf3 Rxb4 56. Qd5 Qe4+ 57. Qxe4 fxe4+ 58. Kf4 Rb2 59. h3
Rxg2 60. Rc1 Kh6 61. e6 Kg7 62. Ke5 Rc2 63. Rf1 Rf2 64. Rd1 Kf8 65. Rd8+ Ke7
66. Ra8 g5 67. Ra7+ Ke8 68. Ra8+ Ke7 1/2-1/2

[Event "14PCR-PF01"]
[Site "?"]
[Date "2003.??.??"]
[Round "?"]
[White "Novak, Vaclav"]
[Black "Struzka, Vlastimil"]
[Result "0-1"]
[WhiteElo "1800"]
[BlackElo "2165"]
[PlyCount "100"]
[EventDate "2003.??.??"]
[EventType "corr"]
[EventRounds "2"]
[SourceDate "2004.??.??"]

1. d4 d5 2. c4 Nf6 3. Nc3 e6 4. Nf3 Bb4 5. cxd5 exd5 6. Bg5 c6 7. Qc2 h6 8. Bh4
g5 9. Bg3 Ne4 10. Nd2 Bf5 11. Ndxe4 Bxe4 12. Qb3 Qe7 13. h4 g4 14. e3 h5 15.
O-O-O Bh7 16. a3 Bxc3 17. Qxc3 O-O 18. f3 Nd7 19. fxg4 hxg4 20. Be2 Nf6 21. Be5
Ne4 22. Qe1 Qe6 23. Bd3 Nc5 24. Bxh7+ Kxh7 25. h5 Ne4 26. Kb1 c5 27. h6 g3 28.
Rh4 Qg6 29. Ka2 c4 30. Qb4 a5 31. Qxb7 Nc3+ 32. bxc3 Qc2+ 33. Qb2 Qxd1 34. e4
dxe4 35. Rxe4 a4 36. Re3 Ra6 37. Rxg3 Rg6 38. Bf4 Rxg3 39. Bxg3 Re8 40. Qb1+
Qxb1+ 41. Kxb1 Re3 42. Bd6 Rxc3 43. Bf8 f5 44. d5 Rg3 45. Kc2 f4 46. d6 Rxg2+
47. Kc3 Rg1 48. Be7 f3 49. Bh4 Rd1 50. Kxc4 Rxd6 0-1

[Event "14PCR-PF01"]
[Site "?"]
[Date "2003.??.??"]
[Round "?"]
[White "Zahour, Jiri"]
[Black "Schauer, Jiri"]
[Result "1-0"]
[WhiteElo "2160"]
[BlackElo "2140"]
[PlyCount "63"]
[EventDate "2003.??.??"]
[EventType "corr"]
[EventRounds "2"]
[SourceDate "2004.??.??"]

1. e4 e5 2. Nf3 Nc6 3. Bc4 Nf6 4. Ng5 Bc5 5. Bxf7+ Ke7 6. Bb3 Rf8 7. O-O d6 8.
Nc3 h6 9. Nh7 Rh8 10. Nxf6 gxf6 11. Nd5+ Kf8 12. Qh5 Nd4 13. c3 Nxb3 14. axb3
Kg7 15. d4 c6 16. Rd1 cxd5 17. Rd3 Qe8 18. Rg3+ Kf8 19. Qh4 Qf7 20. dxc5 dxc5
21. exd5 Ke7 22. Be3 b6 23. f4 e4 24. f5 a5 25. Qxe4+ Kd8 26. Rg6 Re8 27. Qf4
Qxd5 28. Rxf6 Bd7 29. Qxh6 Rg8 30. g3 b5 31. Rd6 Qxf5 32. Rad1 1-0

[Event "14PCR-PF01"]
[Site "?"]
[Date "2003.??.??"]
[Round "?"]
[White "Schauer, Jiri"]
[Black "Zahour, Jiri"]
[Result "1/2-1/2"]
[WhiteElo "2140"]
[BlackElo "2160"]
[PlyCount "67"]
[EventDate "2003.??.??"]
[EventType "corr"]
[EventRounds "2"]
[SourceDate "2004.??.??"]

1. e4 Nf6 2. e5 Nd5 3. d4 d6 4. Nf3 g6 5. Bc4 Nb6 6. Bb3 Bg7 7. Qe2 Nc6 8. h3
dxe5 9. dxe5 Nd4 10. Nxd4 Qxd4 11. f4 Nd5 12. Bxd5 Qxd5 13. Nc3 Qc6 14. Be3 Be6
15. Bd4 O-O 16. Rg1 Bh6 17. g3 Rfd8 18. O-O-O a5 19. h4 Rd7 20. Qe4 Qxe4 21.
Nxe4 b6 22. Bc3 Bg7 23. Rxd7 Bxd7 24. g4 Bc6 25. Re1 Bd7 26. Nf2 Be6 27. Rd1
Kf8 28. a4 Ke8 29. b3 Rc8 30. g5 c5 31. Rd2 c4 32. Kb2 h6 33. Rd4 cxb3 34. cxb3
1/2-1/2

[Event "14PCR-PF01"]
[Site "?"]
[Date "2003.??.??"]
[Round "?"]
[White "Zahour, Jiri"]
[Black "Kesl, Ervin"]
[Result "1-0"]
[WhiteElo "2160"]
[BlackElo "2125"]
[PlyCount "61"]
[EventDate "2003.??.??"]
[EventType "corr"]
[EventRounds "2"]
[SourceDate "2004.??.??"]

1. e4 e5 2. Nf3 Nf6 3. d4 Nxe4 4. Bd3 d5 5. Nxe5 Nd7 6. Nxd7 Bxd7 7. O-O Qh4 8.
c4 O-O-O 9. c5 g5 10. Nc3 Bg7 11. Ne2 g4 12. Be3 Rhe8 13. Qb3 f5 14. a4 Bh6 15.
Nf4 Bc6 16. Qc2 Bg5 17. b4 Qh6 18. g3 Re7 19. b5 Be8 20. a5 Qf6 21. b6 a6 22.
bxc7 Rxc7 23. Rab1 Bc6 24. Rb6 h6 25. Rfb1 Qf7 26. Bf1 Qe8 27. h4 gxh3 28. Kh2
Re7 29. Bxh3 Qf7 30. Rxc6+ bxc6 31. f3 1-0

[Event "14PCR-PF01"]
[Site "?"]
[Date "2003.??.??"]
[Round "?"]
[White "Kesl, Ervin"]
[Black "Zahour, Jiri"]
[Result "0-1"]
[WhiteElo "2125"]
[BlackElo "2160"]
[PlyCount "68"]
[EventDate "2003.??.??"]
[EventType "corr"]
[EventRounds "2"]
[SourceDate "2004.??.??"]

1. e4 Nf6 2. e5 Nd5 3. c4 Nb6 4. d4 d6 5. f4 dxe5 6. fxe5 Nc6 7. Be3 Bf5 8. Nc3
Qd7 9. Qd2 e6 10. Be2 O-O-O 11. Nf3 Bg4 12. Rd1 Bxf3 13. gxf3 Qe7 14. Qc2 Qh4+
15. Bf2 Qh3 16. Qe4 Bb4 17. a3 Bxc3+ 18. bxc3 Rhg8 19. Bf1 Qh5 20. Rb1 f5 21.
exf6 Qa5 22. Rb3 Qa4 23. Qb1 Na5 24. Rb4 Qxa3 25. Qc2 Nc6 26. Rb3 Qa1+ 27. Rb1
Qa5 28. Bh3 Kb8 29. Qb3 Nxd4 30. Bxd4 Rxd4 31. c5 Rd3 32. Ke2 Rxc3 33. Qxe6
Rc2+ 34. Kf1 Rd8 0-1

[Event "14PCR-PF01"]
[Site "?"]
[Date "2003.??.??"]
[Round "?"]
[White "Zahour, Jiri"]
[Black "Prib, Josef"]
[Result "1-0"]
[WhiteElo "2160"]
[BlackElo "2100"]
[PlyCount "51"]
[EventDate "2003.??.??"]
[EventType "corr"]
[EventRounds "2"]
[SourceDate "2004.??.??"]

1. e4 d6 2. d4 Nf6 3. Nc3 g6 4. f4 Bg7 5. Nf3 O-O 6. Bd3 Nc6 7. O-O e5 8. dxe5
dxe5 9. f5 gxf5 10. exf5 e4 11. Nxe4 Bxf5 12. Nxf6+ Qxf6 13. Bxf5 Qxf5 14. c3
Rad8 15. Qb3 Qc5+ 16. Kh1 Na5 17. Qc2 Rd5 18. Bf4 Rfd8 19. Rae1 Nc4 20. Nd4 Qb6
21. Nf5 Bf8 22. Bg5 f6 23. Ne7+ Bxe7 24. Rxe7 f5 25. Qe2 Qg6 26. Bh4 1-0

[Event "14PCR-PF01"]
[Site "?"]
[Date "2003.??.??"]
[Round "?"]
[White "Prib, Josef"]
[Black "Zahour, Jiri"]
[Result "1/2-1/2"]
[WhiteElo "2100"]
[BlackElo "2160"]
[PlyCount "80"]
[EventDate "2003.??.??"]
[EventType "corr"]
[EventRounds "2"]
[SourceDate "2004.??.??"]

1. c4 Nf6 2. Nf3 e6 3. g3 d5 4. cxd5 exd5 5. Bg2 Be7 6. O-O O-O 7. d4 Bf5 8.
Nc3 c6 9. Bf4 Nbd7 10. Qb3 Qb6 11. Qxb6 Nxb6 12. Rac1 h6 13. Rfe1 g5 14. Bd2
Nc4 15. Nd1 Bh7 16. Bc3 Ne4 17. Ne5 Nxc3 18. Nxc3 Nxe5 19. dxe5 f6 20. exf6
Bxf6 21. e3 Rae8 22. Re2 Kg7 23. Rd2 Bf5 24. h3 h5 25. Ne2 Kh6 26. Nd4 Bg6 27.
b4 Be7 28. a3 Rf6 29. Rc3 a6 30. Nb3 Bd6 31. Na5 Be5 32. Rc1 Re7 33. Nb3 g4 34.
h4 Kg7 35. a4 Bd6 36. Nc5 Be5 37. a5 Rff7 38. Bh1 Bd6 39. Bg2 Rf6 40. Bh1 Kh6
1/2-1/2

[Event "14PCR-PF01"]
[Site "?"]
[Date "2003.??.??"]
[Round "?"]
[White "Zahour, Jiri"]
[Black "Novak, Vaclav"]
[Result "1-0"]
[WhiteElo "2160"]
[BlackElo "1800"]
[PlyCount "33"]
[EventDate "2003.??.??"]
[EventType "corr"]
[EventRounds "2"]
[SourceDate "2004.??.??"]

1. e4 g6 2. d4 Bg7 3. Nc3 d6 4. f4 c6 5. Nf3 Nh6 6. Be2 O-O 7. h4 Bg4 8. h5
Bxh5 9. f5 Qb6 10. a4 a5 11. Ra3 Ng4 12. Ng5 h6 13. Bxg4 Bxg4 14. Qxg4 hxg5 15.
Bxg5 Qxb2 16. Qh3 Rc8 17. f6 1-0

[Event "14PCR-PF01"]
[Site "?"]
[Date "2003.??.??"]
[Round "?"]
[White "Novak, Vaclav"]
[Black "Zahour, Jiri"]
[Result "0-1"]
[WhiteElo "1800"]
[BlackElo "2160"]
[PlyCount "56"]
[EventDate "2003.??.??"]
[EventType "corr"]
[EventRounds "2"]
[SourceDate "2004.??.??"]

1. f4 d5 2. Nf3 g6 3. g3 Bg7 4. Bg2 c6 5. d3 Nh6 6. Nc3 d4 7. Ne4 Ng4 8. O-O
Qb6 9. Rb1 O-O 10. h3 Ne3 11. Bxe3 dxe3 12. Ne5 Be6 13. b3 Nd7 14. Nc4 Qa6 15.
a4 Bxc4 16. dxc4 Rad8 17. Qc1 Qb6 18. b4 Qd4 19. c5 Qc4 20. Kh1 f5 21. Ng5 e5
22. Qxe3 e4 23. Qb3 Qxb3 24. Rxb3 Rfe8 25. h4 Nf6 26. b5 h6 27. bxc6 bxc6 28.
Nh3 Rd2 0-1

[Event "14PCR-PF01"]
[Site "?"]
[Date "2003.??.??"]
[Round "?"]
[White "Schauer, Jiri"]
[Black "Kesl, Ervin"]
[Result "1-0"]
[WhiteElo "2140"]
[BlackElo "2125"]
[PlyCount "71"]
[EventDate "2003.??.??"]
[EventType "corr"]
[EventRounds "2"]
[SourceDate "2004.??.??"]

1. e4 e5 2. Nf3 Nc6 3. d4 exd4 4. Nxd4 Nf6 5. Nc3 Bb4 6. Bg5 Qe7 7. f3 O-O 8.
Nxc6 Bxc3+ 9. bxc3 dxc6 10. Qd4 Rd8 11. Bxf6 gxf6 12. Qe3 Be6 13. Be2 b6 14.
O-O Rd6 15. f4 Kh8 16. Rf3 Rg8 17. Bd3 c5 18. Re1 Rdd8 19. Kh1 a5 20. c4 Rg7
21. Rg3 Rxg3 22. Qxg3 Rd4 23. c3 Rd6 24. Re3 Qd8 25. Kg1 c6 26. a3 Bg4 27. e5
fxe5 28. fxe5 Rd7 29. h3 Be6 30. Rf3 Qf8 31. Qf4 f5 32. exf6 Bg8 33. Be4 Bf7
34. Rg3 Bxc4 35. Bxc6 Rd1+ 36. Kh2 1-0

[Event "14PCR-PF01"]
[Site "?"]
[Date "2003.??.??"]
[Round "?"]
[White "Kesl, Ervin"]
[Black "Schauer, Jiri"]
[Result "0-1"]
[WhiteElo "2125"]
[BlackElo "2140"]
[PlyCount "76"]
[EventDate "2003.??.??"]
[EventType "corr"]
[EventRounds "2"]
[SourceDate "2004.??.??"]

1. e4 e5 2. Nf3 Nc6 3. Bb5 a6 4. Ba4 b5 5. Bb3 Nf6 6. O-O Bb7 7. c3 d6 8. Re1
Be7 9. d4 O-O 10. Nbd2 Re8 11. Nf1 Na5 12. Bc2 Bf8 13. Ng3 g6 14. d5 Bg7 15. a4
c6 16. axb5 axb5 17. dxc6 Bxc6 18. b3 h6 19. Bd2 d5 20. exd5 Nxd5 21. Qc1 Qc7
22. b4 Nc4 23. Rxa8 Rxa8 24. Bxh6 Nxc3 25. Bxg7 Kxg7 26. Nh4 Nd5 27. Qg5 Qd8
28. Ngf5+ Kg8 29. Nh6+ Kg7 30. Nxf7 Qxg5 31. Nxg5 Nxb4 32. Bb1 Ra1 33. Nhf3 Na6
34. Bd3 Rxe1+ 35. Nxe1 Nc5 36. Bxc4 bxc4 37. f3 e4 38. Kf2 Nd3+ 0-1

[Event "14PCR-PF01"]
[Site "?"]
[Date "2003.??.??"]
[Round "?"]
[White "Schauer, Jiri"]
[Black "Prib, Josef"]
[Result "1/2-1/2"]
[WhiteElo "2140"]
[BlackElo "2100"]
[PlyCount "46"]
[EventDate "2003.??.??"]
[EventType "corr"]
[EventRounds "2"]
[SourceDate "2004.??.??"]

1. e4 d6 2. d4 Nf6 3. Nc3 g6 4. f4 Bg7 5. Nf3 O-O 6. Bd3 Na6 7. Be3 c5 8. h3
cxd4 9. Bxd4 Nc5 10. Qd2 b6 11. O-O-O Bb7 12. Qe3 Nxd3+ 13. Qxd3 Rc8 14. g4 Qc7
15. Kb1 Rfe8 16. g5 Nh5 17. Bxg7 Nxg7 18. Rhg1 b5 19. Nd4 b4 20. Nd5 Bxd5 21.
exd5 Qc5 22. Nb3 Qc4 23. Qxc4 Rxc4 1/2-1/2

[Event "14PCR-PF01"]
[Site "?"]
[Date "2003.??.??"]
[Round "?"]
[White "Prib, Josef"]
[Black "Schauer, Jiri"]
[Result "1/2-1/2"]
[WhiteElo "2100"]
[BlackElo "2140"]
[PlyCount "41"]
[EventDate "2003.??.??"]
[EventType "corr"]
[EventRounds "2"]
[SourceDate "2004.??.??"]

1. c4 e5 2. Nc3 Nf6 3. g3 Bb4 4. Bg2 O-O 5. d3 Nc6 6. Bd2 Re8 7. Rc1 d6 8. Nf3
Bxc3 9. Bxc3 e4 10. Nd4 Nxd4 11. Bxd4 c5 12. Bxf6 Qxf6 13. Bxe4 Qxb2 14. Qd2
Qe5 15. O-O Bh3 16. Rfe1 Re7 17. Rb1 Rb8 18. f4 Qh5 19. a4 Bf5 20. Bxf5 Qxf5
21. e4 1/2-1/2

[Event "14PCR-PF01"]
[Site "?"]
[Date "2003.??.??"]
[Round "?"]
[White "Kesl, Ervin"]
[Black "Prib, Josef"]
[Result "0-1"]
[WhiteElo "2125"]
[BlackElo "2100"]
[PlyCount "62"]
[EventDate "2003.??.??"]
[EventType "corr"]
[EventRounds "2"]
[SourceDate "2004.??.??"]

1. e4 d6 2. d4 Nf6 3. Nc3 g6 4. f4 Bg7 5. Bd3 O-O 6. Nf3 Nc6 7. e5 dxe5 8. fxe5
Nh5 9. Be3 Bg4 10. Be2 f6 11. exf6 Nxf6 12. O-O Qd7 13. Qd2 Bxf3 14. Bxf3 Rad8
15. d5 Ne5 16. Rad1 Nxf3+ 17. Rxf3 Ng4 18. Rxf8+ Rxf8 19. h3 Nxe3 20. Qxe3 a6
21. b3 Qf5 22. Ne4 e6 23. dxe6 Qxe6 24. Qd3 Qb6+ 25. Kh1 Qc6 26. c4 b5 27. Nd2
Re8 28. Nf3 bxc4 29. bxc4 Bf8 30. Qb3 Bc5 31. Rd5 Qb6 0-1

[Event "14PCR-PF01"]
[Site "?"]
[Date "2003.??.??"]
[Round "?"]
[White "Prib, Josef"]
[Black "Kesl, Ervin"]
[Result "1-0"]
[WhiteElo "2100"]
[BlackElo "2125"]
[PlyCount "69"]
[EventDate "2003.??.??"]
[EventType "corr"]
[EventRounds "2"]
[SourceDate "2004.??.??"]

1. c4 e5 2. Nc3 Nc6 3. g3 g6 4. Bg2 Bg7 5. d3 d6 6. Rb1 Be6 7. b4 Qd7 8. b5 Nd8
9. Nd5 c6 10. bxc6 bxc6 11. Nc3 Ne7 12. Ba3 O-O 13. Nf3 f6 14. Qb3 Nf7 15. O-O
f5 16. e3 a5 17. Nd2 f4 18. exf4 exf4 19. Nce4 fxg3 20. hxg3 Rfe8 21. Bb2 Ne5
22. f4 Rab8 23. Qa3 Rxb2 24. Qxb2 Nf3+ 25. Nxf3 Bxb2 26. Rxb2 Kg7 27. c5 dxc5
28. Nxc5 Qd6 29. Nxe6+ Qxe6 30. Re1 Qd7 31. Rbe2 c5 32. Kh2 Qd6 33. Re6 Qd7 34.
R1e5 h6 35. Nd2 1-0

[Event "14PCR-PF01"]
[Site "?"]
[Date "2003.??.??"]
[Round "?"]
[White "Kesl, Ervin"]
[Black "Novak, Vaclav"]
[Result "1-0"]
[WhiteElo "2125"]
[BlackElo "1800"]
[PlyCount "59"]
[EventDate "2003.??.??"]
[EventType "corr"]
[EventRounds "2"]
[SourceDate "2004.??.??"]

1. e4 c5 2. Nf3 Nc6 3. d4 cxd4 4. Nxd4 Nf6 5. Nc3 d6 6. Bg5 Qa5 7. Bxf6 gxf6 8.
Bb5 Bd7 9. Nb3 Qd8 10. Qh5 e6 11. O-O-O a6 12. Bxc6 bxc6 13. f4 c5 14. f5 Qb6
15. Rhf1 Be7 16. fxe6 Bxe6 17. Nd5 Bxd5 18. Qxd5 Rb8 19. g4 a5 20. a4 Qb4 21.
g5 Qxa4 22. gxf6 Bf8 23. Rf5 Qb5 24. Re5+ Kd8 25. Re7 Bxe7 26. fxe7+ Kc8 27.
Qf5+ Kb7 28. Rxd6 Ka7 29. Rd7+ Rb7 30. Rd8 1-0

[Event "14PCR-PF01"]
[Site "?"]
[Date "2003.??.??"]
[Round "?"]
[White "Novak, Vaclav"]
[Black "Kesl, Ervin"]
[Result "0-1"]
[WhiteElo "1800"]
[BlackElo "2125"]
[PlyCount "56"]
[EventDate "2003.??.??"]
[EventType "corr"]
[EventRounds "2"]
[SourceDate "2004.??.??"]

1. e4 e5 2. Nf3 Nf6 3. d3 Nc6 4. Bg5 Be7 5. Nc3 O-O 6. Qd2 d6 7. O-O-O Nd4 8.
h4 Bg4 9. Be2 Nxe2+ 10. Nxe2 h6 11. Be3 a5 12. Nh2 Be6 13. Kb1 d5 14. f3 d4 15.
Bxh6 gxh6 16. Qxh6 Ne8 17. f4 Ra6 18. Qh5 exf4 19. Nxf4 Ng7 20. Qf3 Bxh4 21. g3
Bg5 22. Ng4 Bxg4 23. Qxg4 f5 24. exf5 Rxf5 25. Rde1 Rh6 26. Rxh6 Bxh6 27. Ne6
Qe7 28. a3 Rf6 0-1

[Event "14PCR-PF01"]
[Site "?"]
[Date "2003.??.??"]
[Round "?"]
[White "Prib, Josef"]
[Black "Novak, Vaclav"]
[Result "1-0"]
[WhiteElo "2100"]
[BlackElo "1800"]
[PlyCount "109"]
[EventDate "2003.??.??"]
[EventType "corr"]
[EventRounds "2"]
[SourceDate "2004.??.??"]

1. c4 g6 2. Nf3 Bg7 3. g3 e5 4. d3 f5 5. Bg2 Nc6 6. Nc3 Nf6 7. O-O O-O 8. Rb1
a5 9. a3 d6 10. b4 axb4 11. axb4 Re8 12. b5 Ne7 13. Bb2 h6 14. Qd2 Be6 15. Ra1
Qd7 16. Rfd1 Bf7 17. h3 c6 18. e3 cxb5 19. Nxb5 e4 20. Nh2 d5 21. Rxa8 Rxa8 22.
Bxf6 Bxf6 23. dxe4 fxe4 24. Bxe4 Qxh3 25. Bf3 Qd7 26. Nc3 d4 27. Ng4 Bg7 28.
exd4 Nf5 29. Bd5 Bxd5 30. Nxd5 Qd6 31. Qf4 Rd8 32. Ne5 b5 33. Nxg6 Qxf4 34.
Ngxf4 bxc4 35. Kg2 Kf7 36. Ne3 Nxd4 37. Nxc4 Bf6 38. g4 Bg5 39. Nh5 Nb5 40. Rb1
Nc3 41. Rb7+ Ke6 42. f4 Bh4 43. Rh7 Kd5 44. Ne5 Rd6 45. Nf7 Ra6 46. Nxh6 Ke4
47. Kh3 Bf2 48. Re7+ Kf3 49. Nf7 Be3 50. Ne5+ Kf2 51. g5 Nd5 52. Rf7 Ra3 53.
Kg4 Bb6 54. g6 Bd8 55. Kf5 1-0

[Event "14PCR-PF01"]
[Site "?"]
[Date "2003.??.??"]
[Round "?"]
[White "Novak, Vaclav"]
[Black "Prib, Josef"]
[Result "1/2-1/2"]
[WhiteElo "1800"]
[BlackElo "2100"]
[PlyCount "58"]
[EventDate "2003.??.??"]
[EventType "corr"]
[EventRounds "2"]
[SourceDate "2004.??.??"]

1. f4 e5 2. fxe5 d6 3. exd6 Bxd6 4. Nf3 Nf6 5. g3 h5 6. d4 h4 7. gxh4 Nc6 8.
Bg5 Bf5 9. Nbd2 Qd7 10. Bxf6 gxf6 11. c3 O-O-O 12. e4 Rde8 13. Qe2 Bg4 14.
O-O-O f5 15. h3 Bh5 16. e5 f6 17. Nc4 fxe5 18. dxe5 Nxe5 19. Ncxe5 Qe6 20. Rd2
Bxe5 21. Qxe5 Bxf3 22. Qxe6+ Rxe6 23. Bc4 Reh6 24. Rf1 Be4 25. Bf7 Rf6 26. Bd5
Bxd5 27. Rxd5 Rxh4 28. Rdxf5 Rxf5 29. Rxf5 Rxh3 1/2-1/2